Antichi Mestieri di Roma

Guardado en:
Bibliografiske detaljer
Hovedforfatter: Stella, Mario La
Format: Bog
Sprog:Undetermined
Udgivet: Roma, Italia Newton Compton 1982
Fag:
Tags: Tilføj Tag
Ingen Tags, Vær først til at tagge denne postø!

MARC

LEADER 00000nam a2200000Ia 4500
008 170316s9999 xx 000 0 und d
999 |c 8221  |d 8221 
040 |a cru BVZT 
090 |a 850 S-7a 
100 |a Stella, Mario La 
245 |a Antichi Mestieri di Roma  |c / Mario La Stella 
260 |a Roma, Italia  |b Newton Compton  |c 1982 
300 |a 431 páginas 
650 |a LITERATURA ITALIANA  |9 212 
942 |c 15 D  |h 850 S-7a  |2 z